| 000 | 00893nam a2200265 4500 | ||
|---|---|---|---|
| 999 |
_c65447 _d65447 |
||
| 005 | 20240530110825.0 | ||
| 008 | 190805s2007 ua g 000 0 ara d | ||
| 017 |
_a2007/3842 _bمصر. دار الكتب |
||
| 020 | _a9774084527 | ||
| 040 |
_aEG-CaGPL _cEG-CaGPL |
||
| 082 | 0 | 4 |
_221 _a243/ _bأ م |
| 100 | 0 | _aايمن محمود خليفة | |
| 245 | 1 | 2 |
_aالملائكة / _cتاليف ايمن محمود خليفة |
| 250 | _aط.1 | ||
| 260 |
_aالقاهرة : _bالهيئة العامة لدار الكتب و الوثائق القومية ، _c2007 |
||
| 300 |
_a104 ص. ؛ _c24 سم. |
||
| 650 | 0 | 7 |
_2qrmak _aالملائكة |
| 650 | 0 | 7 |
_2qrmak _aعلم الكلام |
| 650 | 0 | 7 |
_2qrmak _aالخير والشر |
| 650 | 0 | 7 |
_2qrmak _aالوحى |
| 650 | 0 | 7 |
_2qrmak _aالسمعيات |
| 651 | _2qrmak | ||
| 942 |
_2ddc _cBK |
||